Rural Landscapes: (Record no. 41494)
[ view plain ]
| 000 -LEADER | |
|---|---|
| fixed length control field | 01129nam a2200301Ii 4500 |
| 008 - FIXED-LENGTH DATA ELEMENTS--GENERAL INFORMATION | |
| fixed length control field | 211104s9999 xx 000 0 und d |
| 022 ## - INTERNATIONAL STANDARD SERIAL NUMBER | |
| International Standard Serial Number | 2002-0104 |
| 041 ## - LANGUAGE CODE | |
| Language code of text/sound track or separate title | eng |
| 245 #0 - TITLE STATEMENT | |
| Title | Rural Landscapes: |
| Remainder of title | Society Environment History |
| 264 ## - PRODUCTION, PUBLICATION, DISTRIBUTION, MANUFACTURE, AND COPYRIGHT NOTICE | |
| Place of production, publication, distribution, manufacture | Sweden: |
| Name of producer, publisher, distributor, manufacturer | Stockholm University Press |
| 336 ## - CONTENT TYPE | |
| Source | rdacontent |
| Content type term | text |
| Content type code | txt |
| 337 ## - MEDIA TYPE | |
| Source | rdamedia |
| Media type term | computer |
| Media type code | c |
| 338 ## - CARRIER TYPE | |
| Source | rdacarrier |
| Carrier type term | online resource |
| Carrier type code | cr |
| 540 ## - TERMS GOVERNING USE AND REPRODUCTION NOTE | |
| -- | CC BY |
| Uniform Resource Identifier | <a href="http://www.rurallandscapesjournal.com/about/research-integrity/">http://www.rurallandscapesjournal.com/about/research-integrity/</a> |
| 540 ## - TERMS GOVERNING USE AND REPRODUCTION NOTE | |
| Uniform Resource Identifier | <a href="http://www.rurallandscapesjournal.com/about/research-integrity/">http://www.rurallandscapesjournal.com/about/research-integrity/</a> |
| 540 ## - TERMS GOVERNING USE AND REPRODUCTION NOTE | |
| Uniform Resource Identifier | <a href="http://www.rurallandscapesjournal.com/about/submissions/">http://www.rurallandscapesjournal.com/about/submissions/</a> |
| 540 ## - TERMS GOVERNING USE AND REPRODUCTION NOTE | |
| Uniform Resource Identifier | <a href="http://www.rurallandscapesjournal.com/articles/10.16993/rl.ae/">http://www.rurallandscapesjournal.com/articles/10.16993/rl.ae/</a> |
| 653 ## - INDEX TERM--UNCONTROLLED | |
| Uncontrolled term | Historical geography |
| 653 ## - INDEX TERM--UNCONTROLLED | |
| Uncontrolled term | Landscape ecology |
| 653 ## - INDEX TERM--UNCONTROLLED | |
| Uncontrolled term | Landscape research |
| 653 ## - INDEX TERM--UNCONTROLLED | |
| Uncontrolled term | Palaeo-ecology |
| 653 ## - INDEX TERM--UNCONTROLLED | |
| Uncontrolled term | Rural development |
| 653 ## - INDEX TERM--UNCONTROLLED | |
| Uncontrolled term | Historical ecology |
| 710 2# - ADDED ENTRY--CORPORATE NAME | |
| Corporate name or jurisdiction name as entry element | The Directory of Open Access Journals |
| 856 ## - ELECTRONIC LOCATION AND ACCESS | |
| Uniform Resource Identifier | <a href="http://www.rurallandscapesjournal.com/">http://www.rurallandscapesjournal.com/</a> |
| 856 ## - ELECTRONIC LOCATION AND ACCESS | |
| Uniform Resource Identifier | <a href="https://doaj.org/toc/8ea4c1af46f34fbbbcf2590155bd2dc8">https://doaj.org/toc/8ea4c1af46f34fbbbcf2590155bd2dc8</a> |
| 942 ## - ADDED ENTRY ELEMENTS (KOHA) | |
| Koha item type | E-JOURNALS |
| Withdrawn status | Damaged status | Not for loan | Home library | Current library | Date acquired | Total Checkouts | Date last seen | Price effective from | Koha item type |
|---|---|---|---|---|---|---|---|---|---|
| The Directory of Open Access Journals | The Directory of Open Access Journals | 11/04/2021 | 11/04/2021 | 11/04/2021 | E-JOURNALS |